Brazil's FIFA World Cup Winning Squads (1958, 1962, 1970, 1994 & 2002) - Statistics

General Stats
  • This quiz has been taken 118 times
    111 since last reset
  • The average score is 46 of 116
Answer Stats
# Position Player % Correct
Korea-Japan 2002 9 FW Ronaldo
96%
USA 1994 20 FW Ronaldo
96%
Korea-Japan 2002 11 FW Ronaldinho
95%
Mexico 1970 10 FW Pelé
91%
Chile 1962 10 FW Pelé
91%
Sweden 1958 10 FW Pelé
91%
Korea-Japan 2002 10 FW Rivaldo
91%
Korea-Japan 2002 6 DF Roberto Carlos
91%
Korea-Japan 2002 2 DF © Cafu
88%
USA 1994 14 DF Cafu
88%
Korea-Japan 2002 12 GK Dida
84%
Sweden 1958 21 FW Dida
84%
Korea-Japan 2002 23 FW Kaká
83%
USA 1994 11 FW Romário
80%
Chile 1962 7 FW Garrincha
79%
Sweden 1958 11 FW Garrincha
79%
Korea-Japan 2002 3 DF Lúcio
75%
USA 1994 7 FW Bebeto
68%
Korea-Japan 2002 8 MD Gilberto Silva
68%
Mexico 1970 7 FW Jairzinho
68%
USA 1994 1 GK Taffarel
68%
USA 1994 8 FW © Dunga
67%
Korea-Japan 2002 Coach Luis Felipe Scolari
64%
USA 1994 5 MD Mauro Silva
64%
Korea-Japan 2002 5 DF Edmílson
63%
Mexico 1970 4 DF © Carlos Alberto
62%
Chile 1962 8 MD Didí
58%
Sweden 1958 6 MD Didi
58%
Mexico 1970 22 GK Leão
58%
Mexico 1970 11 MD Rivellino
58%
Korea-Japan 2002 1 GK Marcos
57%
USA 1994 15 DF Márcio Santos
55%
Korea-Japan 2002 22 GK Rogério Ceni
55%
Mexico 1970 Coach Mário Zagallo
54%
Chile 1962 21 FW Zagallo
54%
Sweden 1958 7 FW Zagallo
54%
Chile 1962 19 FW Vavá
53%
Sweden 1958 20 FW Vavá
53%
Korea-Japan 2002 17 FW Denílson
51%
Korea-Japan 2002 15 MD Kléberson
50%
Korea-Japan 2002 4 DF Roque Júnior
50%
Mexico 1970 9 FW Tostão
49%
Korea-Japan 2002 16 DF Júnior
47%
Mexico 1970 13 DF Roberto
46%
USA 1994 16 MD Leonardo
45%
USA 1994 10 MD Raí
45%
Chile 1962 1 GK Gilmar
43%
Sweden 1958 3 GK Gilmar
43%
USA 1994 6 DF Branco
42%
USA 1994 9 FW Zinho
42%
USA 1994 17 MD Mazinho
41%
Korea-Japan 2002 18 MD Vampeta
41%
Mexico 1970 8 MD Gérson
39%
USA 1994 13 DF Aldair
37%
USA 1994 Coach Carlos Alberto Parreira
34%
Korea-Japan 2002 19 MD Juninho Paulista
33%
Korea-Japan 2002 7 MD Ricardinho
33%
Chile 1962 6 DF Nílton Santos
32%
Sweden 1958 12 DF Nílton Santos
32%
Chile 1962 2 DF Djalma Santos
30%
Sweden 1958 4 DF Djalma Santos
30%
Mexico 1970 1 GK Félix
30%
Chile 1962 4 MD Zito
30%
Sweden 1958 19 MD Zito
30%
Chile 1962 20 FW Amarildo
29%
Mexico 1970 5 MD Clodoaldo
29%
Korea-Japan 2002 20 FW Edílson
29%
USA 1994 12 GK Zetti
29%
USA 1994 2 DF Jorginho
28%
Korea-Japan 2002 21 FW Luizão
28%
Chile 1962 13 DF Bellini
26%
Sweden 1958 2 DF © Bellini
26%
Chile 1962 11 FW Pepe
25%
Sweden 1958 22 FW Pepe
25%
Korea-Japan 2002 14 DF Anderson Polga
24%
Mexico 1970 2 DF Brito
24%
USA 1994 4 DF Ronaldão
24%
Korea-Japan 2002 13 DF Belleti
22%
USA 1994 18 FW Paulo Sérgio
22%
Mexico 1970 3 DF Piazza
22%
USA 1994 3 DF Ricardo Rocha
22%
Mexico 1970 16 DF Everaldo
21%
USA 1994 19 FW Müller
21%
USA 1994 21 FW Viola
18%
Chile 1962 5 DF Zózimo
17%
Sweden 1958 9 DF Zózimo
17%
Chile 1962 22 GK Castilho
16%
Sweden 1958 1 GK Castilho
16%
Mexico 1970 19 FW Edu
16%
Sweden 1958 15 DF Orlando
16%
USA 1994 22 Gk Gilmar Rinaldi
14%
Sweden 1958 Coach Vicente Feola
14%
Chile 1962 3 DF © Mauro Ramos
13%
Sweden 1958 16 DF Mauro Ramos
13%
Sweden 1958 18 FW Mazzola
13%
Chile 1962 Coach Aymoré Moreira
12%
Sweden 1958 14 DF De Sordi
12%
Mexico 1970 21 DF Zé Maria
12%
Mexico 1970 20 FW Dario
11%
Mexico 1970 12 GK Ado
9%
Mexico 1970 15 DF Fontana
8%
Mexico 1970 17 FW Joel
8%
Sweden 1958 17 FW Joel
8%
Mexico 1970 6 MD Marco Antônio
8%
Chile 1962 17 FW Mengálvio
8%
Chile 1962 15 DF Altair
7%
Mexico 1970 18 MD Paulo Cézar
7%
Sweden 1958 5 MD Sani
7%
Sweden 1958 8 DF Oreco
5%
Mexico 1970 14 DF Baldocchi
4%
Chile 1962 18 FW Jair da Costa
4%
Chile 1962 12 DF Jair Marinho
3%
Chile 1962 14 DF Jurandir
3%
Sweden 1958 13 MD Moacir
3%
Chile 1962 16 MD Zequinha
3%
Chile 1962 9 FW Countinho
1%
No matching quizzes found
Score Distribution
Percent of People with Each Score
Percentile by Number Answered
Your Score History
You have not taken this quiz since the last reset